=LDR 00000nam 2200000 4500 =264 ##$$a Jakarta : $b Pusbangkom Pimnas dan Manajerial ASN. ; $c 2024 =csr $a 86377348c6868f43019c28a4dfdddeef =856 ##$$a =740 ##$$a =700 #$$a =650 #$$a Stunting =520 #$$a Angka prevalensi stunting di Sulawesi Barat mengalami peningkatan . Data terbaru menunjukkan kenaikan signifikan dari 30,3% menjadi 35,4%. Tak hanya itu, angka kemiskinan ekstrem di provinsi ini pun mencapai 1,46%, jauh di atas angka nasional yang hanya 0,83%. Melihat kondisi ini, Pemerintah Provinsi Sulawesi Barat menegaskan pentingnya memperkuat PASTI PADU(Program Pencegahan dan Penanganan Stunting & Kemiskinan Ekstrem Terpadu) sebagai gerakan kolaboratif lintas sektor yang harus dijalankan secara serius, terukur, dan berkelanjutan. rogram ini secara langsung mendukung dua dari lima panca daya pembangunan Sulbar yaitu Mempercepat pengentasan kemiskinan dan meningkatkan kesejahteraan masyarakat dan Membangun sumber daya manusia yang unggul dan berkarakter.** Melalui pendekatan yang terintegrasi dari gizi, sanitasi, pendidikan, hingga perlindungan sosial seluruh elemen dari provinsi sampai ke desa dilibatkan. dr. Nursyamsi mengajak OPD, PKK, Baznas, TNI/Polri, tokoh masyarakat, hingga perangkat desa untuk memastikan bahwa bantuan dan edukasi benar-benar sampai ke rumah-rumah warga yang paling membutuhkan. =338 ##$$a =337 ##$$a =336 ##$$a =300 ##$$a 50 hlm. : $b ill. ; $c 30 cm $e =001 $a INLIS000000000020902 =246 ##$$a =245 ##$$a Stop Stunting Baru Melalui Roadmap Pasti Padu $b $c Junda Maulana =100 #$$a Junda Maulana =084 ##$$a R 086 PKN I 2024 =082 ##$$a =035 ##$$a 0010-0526000007 =020 ##$$a =008 $a 260508################g##########0#ind## =005 $a 20260508154559